| 000 | 02922nac a22003851i 4500 | ||
|---|---|---|---|
| 003 | EG-ScBUE | ||
| 005 | 20240404105201.0 | ||
| 008 | 240404s2001 enkab f b 001 0 eng d | ||
| 020 | _a9780521559829 | ||
| 020 | _a0521559820 (pb.) | ||
| 040 |
_aEG-ScBUE _beng _erda _cEG-ScBUE _dEG-ScBUE |
||
| 082 | 0 | 4 |
_a945.08 _bCAM _222 |
| 245 | 0 | 4 |
_aThe Cambridge companion to modern Italian culture / _cedited by Zygmunt G. Barański and Rebecca J. West. |
| 246 | 3 | 0 | _aModern Italian culture |
| 264 | 1 |
_aCambridge, U.K. ; _aNew York : _bCambridge University Press, _c2001. |
|
| 300 |
_axix, 363 pages : _billustrations, maps ; _c24 cm |
||
| 336 |
_2rdacontent _atext _btxt |
||
| 337 |
_aunmediated _2rdamedia _bn |
||
| 338 |
_avolume _bnc _2rdacarrier |
||
| 504 | _aIncludes bibliographical references and index. | ||
| 505 | 8 | _aMachine generated contents note: 1 The notion of Italy 17 -- ,JOHN DICKIE -- 2 Social and political cultures in Italy from 1860 to the present day 35 -- ANNA CENTO BULL -- 3 Questions of language 63 -- BRIAN RICHARDSON -- 4 Intellectuals, culture and power in modern Italy 81 -- DAVID WARD -- 5 Catholicism 97 -- PERCY ALLUM -- 6 Socialism, Communism and other 'isms' 113 -- ROBERT S. DOMBROSKI -- 7 other voices: contesting the status quo 131 -- SHARON WOOD and JOSEPH FARRELL -- :8 Narratives of self and society 151 -- GIAN-PAOLO BIASIN -- 9 Searching for new languages: modern Italian poetry 173 -- SHIRLEY W. VINALL and TOM O'NEILL -- lo Drama: realism, identity and reality on stage 197 -- ANN LAURA LEPSCHY -- 11 Italian cinema 215 -- PETER BONDANELLA -- 12 Art in modern Italy: from the Macchiaioli to the -- Transavanguardia 243 -- EUGENIA PAULICELLI -- 13 A modern identity for a new nation: design in Italy since 1860 265 -- PENNY SPARKE -- 14 Fashion: narration and nation 282 -- EUGENIA PAULICELLI -- 15 The media 293 -- CHRISTOPHER WAGSTAFF -- 16 Since Verdi: Italian serious music 1860-1995 311 -- JOHN C. G. WATERHOUSE -- 17 Folk music and popular song from the nineteenth century to -- the 199os 325 -- ALESSANDRO CARRERA -- 18 Epilogue: Italian culture or multiculture in the new -- millennium? 337 -- REBECCA J. WEST -- Index 347. | |
| 650 | 7 |
_aArts, Italian _y20th century. _2BUEsh |
|
| 650 | 7 |
_aArts, Italian _y19th century. _2BUEsh |
|
| 651 | 7 |
_aItaly _xCivilization _y20th century. _2BUEsh |
|
| 651 | 7 |
_aItaly _xCivilization _y19th century. _2BUEsh |
|
| 651 | 7 |
_aItaly _xIntellectual life _y20th century. _2BUEsh |
|
| 651 | 7 |
_aItaly _xIntellectual life _y19th century. _2BUEsh |
|
| 655 | _vReading book | ||
| 700 | 1 |
_aBaranÌ?ski, Zygmunt G., _eeditor. |
|
| 700 | 1 |
_aWest, Rebecca J., _d1946- _eeditor. |
|
| 856 | 4 | 1 |
_3Sample text _uhttp://www.loc.gov/catdir/samples/cam031/00053014.html |
| 856 | 4 | 1 |
_3Publisher description _uhttp://www.loc.gov/catdir/description/cam021/00053014.html |
| 856 | 4 | 1 |
_3Table of Contents _uhttp://www.loc.gov/catdir/toc/fy02/00053014.html |
| 942 |
_cBB _2ddc |
||
| 999 |
_c5408 _d5408 |
||